Nederlands Elftal - 1998 - Statistieken

Algemene statistieken
  • Deze quiz is 37 keer genomen
  • De gemiddelde score is 15 van 22
Antwoordstatistieken
Foto Antwoord % Correct
Edwin van der Sar
100%
Frank de Boer
97%
Ronald de Boer
97%
Clarence Seedorf
93%
Marc Overmars
93%
Patrick Kluivert
93%
Dennis Bergkamp
90%
Edgar Davids
90%
Jaap Stam
90%
Giovanni van Bronckhorst
86%
Philip Cocu
83%
Micheal Reiziger
69%
Pierre van Hooijdonk
62%
André Ooijer
55%
Jerrel Hasselbaink
55%
Wim Jonk
55%
Winston Bogarde
52%
Aaron Winter
48%
Boudewijn Zenden
45%
Ed de Goeij
38%
Arthur Numan
34%
Ruud Hesp
24%
Geen overeenkomende quizzen gevonden
Scoreverdeling
Procent van Mensen met Elke Score
Percentiel versus Aantal Correcte Antwoorden
Uw Scoregeschiedenis
U heeft deze quiz nog niet genomen